Sports Quiz

Random Sports or Soccer Quiz

FIFA Confederations Cup Participants Quiz Stats

Quiz Updated Sep 23, 2017

Challenge
Share
Tweet
Embed
Score 0/74 Timer 04:00
0 Plays Today
Year Country % Correct
1997Brazil
97.5%
1999Brazil
97.5%
2001Brazil
97.5%
2003Brazil
97.5%
2005Brazil
97.5%
2009Brazil
97.5%
2013Brazil
97.5%
1999Germany
96.3%
2005Germany
96.3%
2017Germany
96.3%
1992Argentina
93.6%
1995Argentina
93.6%
2005Argentina
93.6%
2009Spain
93.1%
2013Spain
93.1%
2001France
92.6%
2003France
92.6%
1992United States
90.8%
1999United States
90.8%
2003United States
90.8%
2009United States
90.8%
1995Mexico
90.8%
1997Mexico
90.8%
1999Mexico
90.8%
2001Mexico
90.8%
2005Mexico
90.8%
2013Mexico
90.8%
2017Mexico
90.8%
2009Italy
89.7%
2013Italy
89.7%
1997Australia
89.4%
2001Australia
89.4%
2005Australia
89.4%
2017Australia
89.4%
1995Japan
88.3%
2001Japan
88.3%
2003Japan
88.3%
Year Country % Correct
2005Japan
88.3%
2013Japan
88.3%
2017Chile
87.6%
2017Portugal
86.8%
2017Russia
84.5%
1999New Zealand
80.7%
2003New Zealand
80.7%
2009New Zealand
80.7%
2017New Zealand
80.7%
2001South Korea
77.7%
1997South Africa
75.9%
2009South Africa
75.9%
1997Uruguay
74.4%
2013Uruguay
74.4%
2001Cameroon
73.7%
2003Cameroon
73.7%
2017Cameroon
73.7%
1999Egypt
72.3%
2009Egypt
72.3%
1995Nigeria
70.1%
2013Nigeria
70.1%
1992Côte d'Ivoire
61.4%
2005Greece
60.7%
2003Colombia
59.5%
1995Denmark
55.6%
1992Saudi Arabia
53.1%
1995Saudi Arabia
53.1%
1997Saudi Arabia
53.1%
1999Saudi Arabia
53.1%
2001Canada
51.4%
2009Iraq
47.4%
2013Tahiti
36.4%
2003Turkey
33.5%
2005Tunisia
31.6%
1997Czechia
25.2%
1999Bolivia
20.8%
1997United Arab Emirates
18.2%

You're not logged in!

Compare scores with friends on all Sporcle quizzes.
Sign Up with Email
OR
Log In

You Might Also Like...

Show Comments

Extras

Top Quizzes Today


Score Distribution

Your Account Isn't Verified!

In order to create a playlist on Sporcle, you need to verify the email address you used during registration. Go to your Sporcle Settings to finish the process.